Methods for estimation of statistical characteristics of design K-days precipitation totals in Slovakia
Salvato in:
| Autore principale: | |
|---|---|
| Natura: | Libro |
| Pubblicazione: |
Univerzita Komenského v Bratislave,
2006
|
| Tags: |
Nessun Tag, puoi essere il primo ad aggiungerne!!
|
MARC
| LEADER | 00000nam a22000003a 4500 | ||
|---|---|---|---|
| 001 | stu195687 | ||
| 005 | 20220401153219.5 | ||
| 008 | 091109s2006----xo----------------------d | ||
| 040 | |a STU |b slo | ||
| 041 | 0 | ||
| 044 | |a xo | ||
| 100 | 1 | |a Gaál, Ladislav, |d 1977- |4 aut |u V160 |U SvF Stavebná fakulta |T SvF Katedra vodného hospodárstva krajiny |X 4280 |U V160 |Y 16 |7 A000004280 | |
| 245 | 1 | |a Methods for estimation of statistical characteristics of design K-days precipitation totals in Slovakia | |
| 260 | |b Univerzita Komenského v Bratislave, |c 2006 | ||
| 300 | |a 227 s | ||